000 00390nam a2200181Ia 4500
001 16839
005 20260306170340.0
008 260306t1973||||xx |||||||||||||| ||und||
041 _aESP
082 _a657.044
_bC32
100 _aCashin, James A.
_eAUT
245 0 _aContabilidad I
260 _c1973
300 _a
_c
650 _aGEN
654 _aCCO
942 _cLIB
_dJUS
_fJUS
_2ddc
_n
999 _c16839
_d16839